| 000 | 01738nam0a2200373 4500 | ||
|---|---|---|---|
| 001 | RU\NLR\BIBL_A\022131803 | ||
| 005 | 20240422165518.0 | ||
| 010 |
_a978-5-907737-30-3 _91000 |
||
| 021 |
_aRU _bКН-П-23-080959 _9КН-П-23-8213 |
||
| 035 | _a(NLR Aleph) 022131803 | ||
| 035 | _a(RuMoRGB)012449951 | ||
| 090 |
_a12837514 _c12837514 |
||
| 100 | _a20240208d2023 u y0rusy50 ca | ||
| 101 | 0 | _arus | |
| 102 | _aRU | ||
| 105 | _aachbz 000zd | ||
| 181 | 0 |
_ab3 _bxb2e |
|
| 181 | 0 |
_ai2 _baxxe |
|
| 182 | 0 | _an | |
| 200 | 1 |
_aСавва Владиславич-Рагузинский. Дипломат Петра I _f[автор-составитель: Т. Меликова] |
|
| 203 |
_aИзображение _aТекст _bвизуальные _cнепосредственные |
||
| 210 |
_aШлиссельбург _c[б. и.] _d2023 |
||
| 215 |
_a48 с. _cил., цв. ил., портр., факс., карты _d24 |
||
| 330 | _aО первом русском разведчике и дипломате сербском графе Савве Владиславиче-Рагузинском | ||
| 600 | 1 |
_aРагузинский-Владиславич _bС.Л. _gСавва Лукич _f1668 - 1738 _2nlr_sh2 _3RU\NLR\AUTH\661504236 |
|
| 675 |
_a94(47+57)"17"(092) _v4 |
||
| 686 | 1 | _aТ3(2)462-8 | |
| 702 | 0 |
_aПетр _cимператор российский _dI _f1672-1725 _3RU\NLR\AUTH\778862 _4570 |
|
| 702 | 1 |
_aМеликова _bТ. С. _gТатьяна С. _4220 |
|
| 702 | 1 |
_aРагузинский-Владиславич _bС. Л. _f1668-1738 _gСавва Лукич _3RU\NLR\AUTH\7781466 _4280 |
|
| 942 | _cBOOK | ||
| 980 | _aNB | ||